[Event "Autumn Cup GM"]
[Site "Bucharest ROM"]
[Date "2000.11.23"]
[Round "4"]
[White "Svetushkin,D"]
[Black "Sebe,R"]
[Result "1/2-1/2"]
[WhiteElo "2472"]
[BlackElo "2303"]

1.e4 c5 2.Nf3 d6 3.Bb5+ Bd7 4.Bxd7+ Qxd7 5.O-O Nc6 6.b3 e5 7.c3 g6 8.d4 exd4
9.cxd4 Bg7 10.Bb2 Nge7 11.Qe2 Nxd4 12.Nxd4 cxd4 13.Rd1 Nc6 14.Na3 O-O 15.Nb5 d3
16.Qd2 Bxb2 17.Qxb2 d5 18.exd5 Nb4 19.Nd4 Rad8 20.a3 Qxd5 21.axb4 Qxd4 22.Qxd4 Rxd4
23.Rxa7 Re8 24.Kf1 Re7 25.Ra2 Rc7 26.b5 Rc5 27.Ra4 Rd6 28.Rb4 b6 29.g3 Kg7
30.Kg2 Re5 31.h4 d2 32.Kf1 Rd3 33.Rc4 Rxb5 34.b4 h5 35.Ke2 Rb3 36.Rxd2 R3xb4
37.Rxb4 Rxb4 38.Rd6 Rb3 39.Rc6 Kf8 40.Rc8+ Ke7 41.Rb8 Ke6 42.Rb7 Rb1 43.Kf3 Rb2
44.Kg2 b5 45.Rb6+ Kd5 46.Rb7 b4 47.Rxf7 Rc2 48.Rb7 Kc4 49.Rb6 b3 50.Rxg6 b2
51.Rb6 Kc3 52.Rc6+ Kd2 53.Rb6 Kc1 54.g4 hxg4 55.Kg3 Rc4 56.h5 b1=Q 57.Rxb1+ Kxb1
58.h6 Rc6 59.Kxg4 Rxh6 60.f4 Kc2 61.f5 Kd3 62.Kg5 Rh1 63.f6 Rf1 64.Kg6 Ke4
65.f7  1/2-1/2

[Event "72nd ch-GER"]
[Site "Seebad Heringsdorf GER"]
[Date "2000.11.25"]
[Round "9"]
[White "Pfretzschner,R"]
[Black "Baramidze,D"]
[Result "1/2-1/2"]
[WhiteElo "2295"]
[BlackElo "2242"]

1.e4 c5 2.Nf3 d6 3.Bb5+ Bd7 4.Bxd7+ Qxd7 5.O-O Nc6 6.c3 Nf6 7.d4 Nxe4 8.d5 Ne5
9.Re1 Nxf3+ 10.Qxf3 Nf6 11.Na3 O-O-O 12.Bg5 h6 13.Bxf6 exf6 14.b4 f5 15.Rab1 g6
16.Nc4 Bg7 17.bxc5 dxc5 18.Red1 Qa4 19.Qd3 Rhe8 20.Rb5 Bxc3 21.Rxc5+ Kb8
22.Ne3 Be5 23.Qb1 b6 24.Rc4 Qd7 25.Nc2 Kb7 26.Nb4 Qb5 27.Qc2 Bb8 28.g3 Rd6
29.Qd3 a6 30.Nc6 Re4 31.Rxe4 fxe4 32.Qxe4 Bc7 33.Qd4 Qc5 34.Qd3 f5 35.Ne5 b5
36.Nf7 Rd7 37.Nxh6 Bb6 38.Qd2 Ka7 39.Kh1 Qd6 40.Qg5 Bxf2 41.Kg2 Bb6 42.h4 Re7
43.Qf4 Qc5 44.Rd2 Qg1+ 45.Kh3 Be3 46.Qd6 Rb7 47.Rg2 Qh1+ 48.Rh2 Qf1+ 49.Rg2 Qh1+
50.Rh2 Qf1+ 51.Rg2 Bxh6 52.Qc5+ Ka8 53.Qc8+ Ka7 54.Qc5+ Kb8 55.Qd6+ Kc8 56.Qe6+ Rd7
57.Qc6+ Kd8 58.Qf6+ Kc7 59.Qc6+  1/2-1/2

[Event "TCh-SVK"]
[Site "SVK"]
[Date "2000.11.25"]
[Round "3"]
[White "Franzen,Joz"]
[Black "Demeter,P"]
[Result "0-1"]
[WhiteElo "2310"]
[BlackElo "2259"]

1.e4 c5 2.Nf3 d6 3.Bb5+ Bd7 4.Bxd7+ Qxd7 5.c4 Nc6 6.d4 cxd4 7.Nxd4 g6 8.Nc3 Bg7
9.Be3 Nf6 10.f3 O-O 11.O-O Rfc8 12.b3 Qd8 13.Qd2 Qa5 14.Rfc1 Nxd4 15.Bxd4 Nd7
16.Bxg7 Kxg7 17.Rc2 Nf6 18.Kh1 a6 19.Rac1 b5 20.cxb5 axb5 21.Qd4 Qa3 22.Ne2 Rxc2
23.Rxc2 Qa7 24.Qxa7 Rxa7 25.Nd4 Rb7 26.Kg1 Nd7 27.Kf2 Kf6 28.Ke3 Nc5 29.b4 Ne6
30.Nb3 g5 31.g3 Kg6 32.Rc8 f5 33.Na5 Rc7 34.Rxc7 Nxc7 35.Nc6 fxe4 36.Kxe4 Kf6
37.Nd4 e5 38.Ne2 d5+ 39.Kd3 Kf5 40.Nc3 g4 41.fxg4+ Kxg4 42.a4 bxa4 43.Nxa4 Kf3
44.Nc3 e4+ 45.Kd4 e3 46.Kd3 Na6 47.b5 Nc5+ 48.Kd4 Ne4 49.b6 Nxc3 50.b7 e2
51.b8=Q e1=Q 52.Qf4+ Kg2  0-1

[Event "Autumn Cup GM"]
[Site "Bucharest ROM"]
[Date "2000.11.28"]
[Round "8"]
[White "Svetushkin,D"]
[Black "Itkis,B"]
[Result "1/2-1/2"]
[WhiteElo "2472"]
[BlackElo "2384"]

1.e4 c5 2.Nf3 d6 3.Bb5+ Bd7 4.Bxd7+ Qxd7 5.O-O Nf6 6.Qe2 Nc6 7.b3 e6 8.c4 Be7
9.Bb2 O-O 10.d4 cxd4 11.Nxd4 Rfd8 12.Rd1 a6 13.Nc3 Qc7 14.Rac1 Nxd4 15.Rxd4 Rac8  1/2-1/2

[Event "Mitropa Team Cup"]
[Site "Charleville FRA"]
[Date "2000.11.28"]
[Round "4"]
[White "Grund,H"]
[Black "Ruck,R"]
[Result "1/2-1/2"]
[WhiteElo "2475"]
[BlackElo "2489"]

1.e4 c5 2.Nf3 d6 3.Bb5+ Nd7 4.d4 Nf6 5.Nc3 cxd4 6.Qxd4 a6 7.Bxd7+ Bxd7 8.Bg5 Rc8
9.O-O-O h6 10.Bxf6 gxf6 11.Nd5 Rg8 12.Nh4 Qa5 13.Kb1 Qc5 14.Qxc5 Rxc5 15.g3 Bg7
16.Rhe1 e6 17.Nb6 Bf8 18.Rd4 Kd8 19.Red1 Kc7 20.Nxd7 Kxd7 21.f4 Be7 22.Nf3 Rgc8  1/2-1/2

[Event "FIDE WCh KO"]
[Site "New Delhi IND"]
[Date "2000.11.28"]
[Round "1.2"]
[White "Labib,I"]
[Black "Nevednichy,V"]
[Result "0-1"]
[WhiteElo "2426"]
[BlackElo "2582"]

1.e4 c5 2.Nf3 d6 3.Bb5+ Nd7 4.c3 Nf6 5.Qe2 a6 6.Ba4 b5 7.Bc2 e5 8.d4 Be7
9.O-O O-O 10.Nbd2 Qc7 11.dxe5 dxe5 12.Re1 c4 13.Nf1 Nc5 14.Ne3 Bb7 15.Nf5 Nfxe4
16.Nd2 Nxd2 17.Bxd2 Bf6 18.Qg4 Rfd8 19.Bh6 Bc8 20.Re3 g6 21.Bg5 Bxf5 22.Bxf5 gxf5
23.Qxf5 Bg7 24.Rh3 Rd6 25.Qxh7+ Kf8 26.Bh6 Rxh6 27.Rxh6 Nd3 28.a4 bxa4 29.Rh4 Qb6
30.Qf5 Qxb2 31.Rf1 Qxc3 32.Qe4 Rd8 33.g3 a3 34.Qxc4 Qxc4 35.Rxc4 e4 36.Ra4 Bb2
37.Rxa6 Nc5 38.Ra7 Rd4 39.Re1 Na4 40.Ra8+ Kg7 41.Rb8 a2  0-1

[Event "Schacknytt GM"]
[Site "Upplands Vasby SWE"]
[Date "2000.12.06"]
[Round "2"]
[White "Rozentalis,E"]
[Black "Veingold,A"]
[Result "1/2-1/2"]
[WhiteElo "2570"]
[BlackElo "2457"]

1.e4 c5 2.Nf3 d6 3.Bb5+ Nc6 4.O-O Bd7 5.Re1 Nf6 6.c3 a6 7.Bf1 Bg4 8.h3 Bxf3
9.Qxf3 g6 10.Qd1 Qb6 11.Na3 Bg7 12.Nc2 O-O 13.d4 cxd4 14.cxd4 d5 15.e5 Ne4
16.Be3 f5 17.f3 Ng3 18.Qd2 Nxf1 19.Rxf1 f4 20.Bxf4 Nxe5 21.b3 Nc6 22.Be3 Rad8
23.Rad1 Rd6 24.Rfe1 Re6 25.Bf2 Rxe1+ 26.Qxe1 Qd8 27.Qe6+ Kh8 28.Re1 Qa5 29.Re2 Rd8
30.a3 Qc3 31.b4 Qd3 32.Kh2 Rd6 33.Qc8+ Rd8 34.Qe6 Rd6 35.Qc8+ Rd8  1/2-1/2

[Event "FIDE WCh KO"]
[Site "New Delhi IND"]
[Date "2000.12.07"]
[Round "4.2"]
[White "Adams,Mi"]
[Black "Svidler,P"]
[Result "1/2-1/2"]
[WhiteElo "2755"]
[BlackElo "2689"]

1.e4 c5 2.Nf3 d6 3.Bb5+ Nd7 4.d4 Nf6 5.Nc3 cxd4 6.Qxd4 e5 7.Qd3 h6 8.Be3 Be7
9.Bc4 a6 10.a4 Qc7 11.O-O O-O 12.Nd2 Rb8 13.a5 Nc5 14.Qe2 Be6 15.Bxe6 Nxe6
16.Ra4 Qc6 17.Rc4 Qd7 18.Rd1 Bd8 19.Ra4 d5 20.exd5 Nxd5 21.Nde4 Nxc3 22.Nxc3 Qe8
23.b3 Rc8 24.Nd5 Nd4 25.Bxd4 exd4 26.Qd3 Kh8 27.Rxd4 Bxa5 28.Re4 Qd7 29.Re7 Qc6
30.c4 Rce8 31.g3 Bd8 32.Rxe8 Rxe8 33.Qf3 Kg8 34.Kg2 Bc7 35.Rd4 Re6 36.Re4 Rxe4
37.Qxe4 Bd6 38.h4 Bf8 39.h5 Qd7 40.Qe5 b5 41.Qe4  1/2-1/2

[Event "Schacknytt GM"]
[Site "Upplands Vasby SWE"]
[Date "2000.12.11"]
[Round "7"]
[White "Rozentalis,E"]
[Black "Akesson,R"]
[Result "1-0"]
[WhiteElo "2570"]
[BlackElo "2486"]

1.e4 c5 2.Nf3 d6 3.Bb5+ Bd7 4.Bxd7+ Qxd7 5.O-O Nc6 6.c3 Nf6 7.Qe2 e6 8.d4 cxd4
9.cxd4 d5 10.e5 Ne4 11.Be3 Be7 12.Ne1 f6 13.f3 Ng5 14.Nd3 f5 15.Nd2 O-O 16.b4 Nf7
17.a3 b6 18.Kh1 Ncd8 19.Rfc1 a5 20.bxa5 Rxa5 21.Rc3 Nc6 22.Rac1 Rc8 23.Nb1 Nfd8
24.Nb4 Nxb4 25.Rxc8  1-0

[Event "Rapid Chess Summit"]
[Site "Stockholm SWE"]
[Date "2000.12.12"]
[Round "1.2"]
[White "Rozentalis,E"]
[Black "Kulaots,K"]
[Result "1-0"]
[WhiteElo "2570"]
[BlackElo "2491"]

1.e4 c5 2.Nf3 d6 3.Bb5+ Nd7 4.O-O Nf6 5.Re1 a6 6.Bxd7+ Bxd7 7.e5 dxe5 8.Nxe5 e6
9.d3 Be7 10.Qf3 Bc8 11.Nc3 O-O 12.Bg5 Qc7 13.Rad1 Rb8 14.Nc4 b5 15.Bf4 Qb7
16.Bxb8 Qxb8 17.Ne5 Bd6 18.Qe2 Bb7 19.f4 Rd8 20.Ne4 Bxe5 21.fxe5 Qxe5 22.Nxf6+ Qxf6
23.c3 Rd5 24.Rf1 Qg6 25.d4 Rg5 26.Rf2 c4 27.Re1 h5 28.Qc2 f5 29.Qd2 Bd5 30.Ree2 h4
31.Qf4 Rg4 32.Qe5 h3 33.g3 f4 34.Rxf4 Rxg3+ 35.hxg3 Qxg3+ 36.Kf1 h2 37.Qb8+ Kh7
38.Rh4+ Qxh4 39.Rxh2  1-0

[Event "Rapid Chess Summit"]
[Site "Stockholm SWE"]
[Date "2000.12.12"]
[Round "2.1"]
[White "Rozentalis,E"]
[Black "Rausis,I"]
[Result "1-0"]
[WhiteElo "2570"]
[BlackElo "2551"]

1.e4 c5 2.Nf3 d6 3.Bb5+ Bd7 4.Bxd7+ Nxd7 5.O-O Ngf6 6.Re1 g6 7.c3 Bg7 8.d4 O-O
9.e5 Nd5 10.exd6 exd6 11.Na3 Re8 12.Rxe8+ Qxe8 13.dxc5 N7f6 14.cxd6 Rd8 15.Bg5 Rxd6
16.c4 Ne4 17.cxd5 Nxg5 18.Nxg5 Qd8 19.Qc1 Rxd5 20.Nf3 Qb6 21.Nc4 Qb4 22.a3 Qb3
23.Ncd2 Qxb2 24.Qxb2 Bxb2 25.Rb1 Bxa3 26.Rxb7 a5 27.Kf1 h6 28.Ne4 Kg7 29.Ke2 Bf8
30.Ra7 Bb4 31.g4 Bf8 32.h4 Bb4 33.g5 hxg5 34.hxg5 Rf5 35.Nd4 Re5 36.Kd3 Rd5
37.Kc4 Re5 38.f3 Re8 39.Nc6 Be1 40.Kd5 Rf8 41.Nxa5 Rd8+ 42.Ke5 Re8+ 43.Kf4 Bb4
44.Nc6 Bf8 45.Ne5 Re7 46.Rxe7 Bxe7 47.Ke3 Kf8 48.Kd4 Ba3 49.Kd5 Ke7 50.Nc6+ Kd7
51.Nf6+ Kc7 52.Ne5 Bc1 53.Nxf7 Bd2 54.Ke6 Bc1 55.Ne4  1-0

[Event "67th ch-BRA"]
[Site "Teresina BRA"]
[Date "2000.12.12"]
[Round "5"]
[White "Teixeira,R"]
[Black "Tsuboi,E"]
[Result "0-1"]
[WhiteElo "2341"]
[BlackElo "2307"]

1.e4 c5 2.Nf3 d6 3.Bb5+ Bd7 4.Bxd7+ Nxd7 5.d4 cxd4 6.Qxd4 Ngf6 7.c4 Qb6 8.Qxb6 Nxb6
9.Nbd2 g6 10.b3 Bg7 11.Bb2 O-O 12.Rb1 Nbd7 13.e5 dxe5 14.Nxe5 Nxe5 15.Bxe5 Rfd8
16.Nf3 Ne4 17.Bxg7 Kxg7 18.Rb2 f5 19.Rc2 Rd6 20.O-O Kf6 21.c5 Rc6 22.b4 Rd8
23.Re2 g5 24.Rc1 b6 25.Ne1 bxc5 26.f3 Nd6 27.Rxc5 Rxc5 28.bxc5 Nb5 29.Rb2 Nd4
30.Rb7 Rd5 31.Rxa7 Rxc5 32.a4 f4 33.Kf2 Rc3 34.Rd7 e5 35.Rxh7 Ra3 36.g4 Rxa4
37.h4 Ra2+ 38.Kf1 gxh4 39.Rxh4 Ra1 40.Rh6+ Kg7 41.Rh5 Nxf3 42.Ke2 Nxe1 43.Rxe5 f3+
44.Ke3 Ra3+ 45.Ke4 f2 46.Rg5+ Kh6 47.Rh5+ Kg6  0-1

[Event "Open"]
[Site "Zadar CRO"]
[Date "2000.12.12"]
[Round "4"]
[White "Lalic,B"]
[Black "Ljubicic,F"]
[Result "1/2-1/2"]
[WhiteElo "2520"]
[BlackElo "2384"]

1.e4 c5 2.Nf3 d6 3.Bb5+ Bd7 4.Bxd7+ Qxd7 5.O-O Nf6 6.Re1 Nc6 7.c4 g6 8.Nc3 Bg7
9.d3 O-O 10.Bf4 Ng4 11.h3 Nge5 12.Be3 Nxf3+ 13.Qxf3 e6 14.Qe2 f5 15.Qd2 Rae8
16.Ne2 b6 17.Bh6 Bxh6 18.Qxh6 f4 19.f3 Qf7 20.Qh4 Qg7 21.b3 g5 22.Qf2 h5
23.Rad1 g4 24.Kh1 e5 25.Qh4 Re6 26.fxg4 hxg4 27.Qxg4 Qxg4 28.hxg4 Rg6 29.Kg1 f3
30.gxf3 Rxf3 31.Kg2 Rf7 32.Kg3 Nb4 33.Rd2 Rfg7 34.Rg1 Rxg4+ 35.Kf2 Rf7+ 36.Ke1 Rxg1+
37.Nxg1  1/2-1/2

[Event "67th ch-BRA"]
[Site "Teresina BRA"]
[Date "2000.12.13"]
[Round "7"]
[White "Januario,S"]
[Black "Caldeira,A"]
[Result "0-1"]
[WhiteElo "2093"]
[BlackElo "2304"]

1.e4 c5 2.Nf3 d6 3.Bb5+ Bd7 4.Bxd7+ Qxd7 5.c4 Nc6 6.Nc3 g6 7.d4 cxd4 8.Nxd4 Bg7
9.Nde2 Nf6 10.O-O O-O 11.f3 Rfc8 12.Be3 Qd8 13.Qd2 Nd7 14.Rac1 a6 15.b3 Rab8
16.Rfd1 b5 17.cxb5 axb5 18.h4 b4 19.Na4 Qa5 20.Nd4 Nce5 21.Rxc8+ Rxc8 22.Rc1 Nc5
23.h5 Ra8 24.h6 Bf8 25.Nxc5 dxc5 26.Ne2 e6 27.Rc2 Rc8 28.Nc1 c4 29.bxc4 Rxc4
30.Qe2 Rc3 31.Nb3 Qc7 32.Rc1 f6 33.Rd1 Nf7 34.Bd4 Rc2 35.Rd2 Rxd2 36.Qxd2 e5
37.Be3 g5 38.Qd5 Bxh6 39.Bc5 Qb8 40.Na5 Bf8 41.Nc6 Qc7 42.Kh2 g4 43.Bxb4 Bxb4
44.Nxb4 gxf3 45.gxf3 Qb6 46.Nd3 Qe3 47.Kg2 Kg7 48.Nf2 Qg5+ 49.Kf1 Qf4 50.Ke2 h5
51.a4 Qc1 52.a5 Qc8 53.Qd3 Ng5 54.a6 Ne6 55.Qa3 Qc2+ 56.Ke1 Nf4 57.Qe7+ Kg6
58.Qe8+ Kg5 59.Qb5 Ng2+ 60.Kf1 Ne3+ 61.Kg1 Qc1+ 62.Kh2 Qd2 63.f4+ Kh4  0-1

[Event "Abel Cardona Open"]
[Site "Cali COL"]
[Date "2000.12.16"]
[Round "1"]
[White "Velasco,S"]
[Black "Gonzalez,Rob"]
[Result "1-0"]
[WhiteElo "2269"]
[BlackElo "2250"]

1.e4 c5 2.Nf3 d6 3.Bb5+ Nc6 4.O-O a6 5.Bxc6+ bxc6 6.Re1 e5 7.c3 Bg4 8.d4 cxd4
9.cxd4 exd4 10.Qa4 Ne7 11.Nxd4 Bd7 12.Qa3 c5 13.Nc2 Ng6 14.Nc3 Be7 15.Nd5 Bh4
16.Bd2 a5 17.g3 Be7 18.f4 O-O 19.Nce3 Re8 20.Nc4 Bb5 21.Qd3 Bf8 22.a4 Ba6
23.Rad1 Ne7 24.Nde3 Nc6 25.Bc3 Rb8 26.Qc2 Qc7 27.Nd5 Qd8 28.Nce3 Qc8 29.Nf5 Re6
30.Qd2 Nb4 31.Bxg7 Nxd5 32.Bxf8 Qxf8 33.exd5 Rxe1+ 34.Rxe1 Bc8 35.Ne7+ Kg7
36.Qxa5 Bh3 37.Qc3+ f6 38.g4 Re8 39.Nf5+ Kg8 40.Rxe8 Qxe8 41.Qe3 Kf8 42.Qxe8+ Kxe8
43.Nxd6+ Kd7 44.Ne4 f5 45.Nf2  1-0

[Event "Abel Cardona Open"]
[Site "Cali COL"]
[Date "2000.12.17"]
[Round "3"]
[White "Velasco,S"]
[Black "Acosta,A COL"]
[Result "1/2-1/2"]
[WhiteElo "2269"]
[BlackElo "2346"]

1.e4 c5 2.Nf3 d6 3.Bb5+ Nc6 4.O-O Bd7 5.Re1 a6 6.Bf1 Nf6 7.c3 Bg4 8.h3 Bxf3
9.Qxf3 g6 10.d3 Bg7 11.Na3 O-O 12.Nc2 Rc8 13.Qd1 Nd7 14.Rb1 b5 15.a3 Nb6
16.d4 cxd4 17.Nxd4  1/2-1/2

[Event "TCh-YUG Women"]
[Site "Kragujevac YUG"]
[Date "2000.12.19"]
[Round "9"]
[White "Kosteniuk,A"]
[Black "Alexandrova,O"]
[Result "1/2-1/2"]
[WhiteElo "2398"]
[BlackElo "2421"]

1.e4 c5 2.Nf3 d6 3.Bb5+ Bd7 4.Bxd7+ Qxd7 5.O-O Nc6 6.c3 Nf6 7.Re1 e6 8.d4 cxd4
9.cxd4 Be7 10.Nc3 O-O 11.d5 Ne5  1/2-1/2

[Event "ch-ISR Women"]
[Site "Ramat-Aviv/Modiin ISR"]
[Date "2000.12.19"]
[Round "3"]
[White "Mamantov,M"]
[Black "Dotan,V"]
[Result "1-0"]
[WhiteElo "2111"]
[BlackElo "2051"]

1.e4 c5 2.Nf3 d6 3.Bb5+ Bd7 4.Bxd7+ Qxd7 5.O-O Nc6 6.b3 Nf6 7.Re1 g6 8.Bb2 e5
9.c3 Bg7 10.d4 O-O 11.Na3 Rfe8 12.dxc5 dxc5 13.Qxd7 Nxd7 14.Nb5 Red8 15.Nc7 Rac8
16.Nd5 Nf8 17.b4 Re8 18.b5 Na5 19.Nd2 Ne6 20.c4 b6 21.Bc3 Nb7 22.a4 Nf4 23.g3 Nxd5
24.exd5 Nd6 25.a5 Rc7 26.axb6 axb6 27.Ra6 Rb7 28.Rea1 e4 29.Bxg7 Kxg7 30.Ra8 Ree7
31.Rd8 Red7 32.Rxd7 Rxd7 33.Ra8 f5 34.Rb8 Nb7 35.Rc8 Na5 36.Re8 Kf7 37.Re6 Rb7
38.Kg2 Rb8 39.h3 h5 40.g4 hxg4 41.hxg4 fxg4 42.Kg3 Re8 43.Rxe8 Kxe8 44.Kxg4 Ke7
45.Kf4 Kf6 46.Nxe4+ Ke7 47.Nd2 Kf6 48.f3 g5+ 49.Kg4 Kg6 50.d6 Kf6 51.d7 Nb7
52.Ne4+ Ke7 53.Kxg5 Nd8 54.Kf5 Nf7 55.f4 Nh6+ 56.Kg5 Nf7+ 57.Kg6 Nd8 58.Nf6 Ne6
59.Nd5+ Kd8 60.f5 Nf8+ 61.Kg7 Nxd7 62.f6  1-0

[Event "Koltanowski Mem"]
[Site "San Francisco USA"]
[Date "2000.12.19"]
[Round "6"]
[White "Bhat,V"]
[Black "Fedorowicz,J"]
[Result "1/2-1/2"]
[WhiteElo "2396"]
[BlackElo "2533"]

1.e4 c5 2.Nf3 d6 3.Bb5+ Nd7 4.O-O Nf6 5.Re1 a6 6.Bf1 Ne5 7.c3 Nxf3+ 8.Qxf3 e5
9.a4 Be7 10.Na3 O-O 11.Nc4 Bg4 12.Qg3 Be6 13.a5 Ng4 14.Qd3 f5 15.f3 fxe4
16.Qxe4 d5 17.Qe2 Nxh2 18.Qxe5 Nxf3+ 19.gxf3 Rf6 20.Nb6 Bd6 21.Qxe6+ Rxe6
22.Rxe6 Qh4 23.Bg2 Rf8 24.d3 Rf6 25.Re2 Qg3 26.Be3 Rxf3 27.Bf2 Qh2+ 28.Kf1 Rf5
29.Nxd5 h5 30.Ra4 h4 31.Ne3 h3 32.Nxf5 Qxg2+ 33.Ke1 h2 34.Re8+ Bf8 35.Ng3 h1=Q+
36.Nxh1 Qxh1+ 37.Kd2 Qh6+ 38.Kc2 Qh2 39.Re2 Qh1 40.Rae4 Qf3 41.R4e3 Qf5 42.Re5 Qf3
43.Re8 Kh7 44.Be1 Bd6 45.c4 Bf4 46.Bc3 Qf1 47.Re1 Qf2+ 48.R8e2 Qf3 49.Re7 Bh6
50.R1e5 Qf1 51.Re1 Qg2+ 52.Kb3 Qf3 53.Rd7 Kg6 54.Rd6+ Kh7 55.Rd5 Be3 56.Rd7 Bd4
57.Ree7  1/2-1/2

[Event "Koltanowski Mem"]
[Site "San Francisco USA"]
[Date "2000.12.20"]
[Round "7"]
[White "Bhat,V"]
[Black "Donaldson,J"]
[Result "1/2-1/2"]
[WhiteElo "2396"]
[BlackElo "2396"]

1.e4 c5 2.Nf3 d6 3.Bb5+ Bd7 4.Bxd7+ Nxd7 5.O-O Ngf6 6.Qe2 e6 7.d3 Be7 8.Ng5 h6
9.Nh3 O-O 10.f4 Re8 11.g4 Bf8 12.g5 hxg5 13.fxg5 Nh7 14.g6 fxg6 15.Qg2 Be7
16.Nf4 Bf6 17.Nxg6 Ne5 18.Nf4 Qe7 19.Nc3 Rf8 20.Nh3 Nc6 21.Ne2 Bd4+ 22.Kh1 Rxf1+
23.Qxf1 Rf8 24.Qg2 Qf6 25.Bf4 Bxb2 26.Rb1 Be5 27.Rxb7 Rb8 28.Rxb8+ Nxb8 29.Qg4 Nc6
30.Ng3 Nf8 31.Bg5 Qf7 32.Bf4  1/2-1/2

[Event "Tournament for the 21st Century"]
[Site "Subotica YUG"]
[Date "2000.12.24"]
[Round "7"]
[White "Sadvakasov,D"]
[Black "Sedlak,N"]
[Result "1-0"]
[WhiteElo "2509"]
[BlackElo "2423"]

1.e4 c5 2.Nf3 d6 3.Bb5+ Bd7 4.Bxd7+ Qxd7 5.c4 Nc6 6.Nc3 g6 7.d4 cxd4 8.Nxd4 Bg7
9.Nde2 Nf6 10.f3 O-O 11.O-O Rfd8 12.Bg5 h6 13.Be3 e6 14.Qc1 Kh7 15.Rd1 Qe7
16.Rb1 Rac8 17.Qd2 Rd7 18.b3 Rcd8 19.Nd4 Nh5 20.Qf2 f5 21.Nde2 b6 22.Rbc1 Qf7
23.exf5 gxf5 24.f4 Nf6 25.Qf3 Ne7 26.h3 e5 27.Qf2 Qe6 28.Rf1 Nh5 29.Rcd1 Rf8
30.Rd2 Rg8 31.Rfd1 Rgd8 32.Qf3 Nf6 33.Kh1 Ng6 34.Nd5 Ne4 35.Rc2 Qf7 36.Bf2 Re8
37.Kg1 Re6 38.a4 Rd8 39.Qh5 Rf8 40.Be3 Qb7 41.Rf1 Nf6 42.Nxf6+ Rexf6 43.Nc3 R6f7
44.Nd5 Qd7 45.Rd2 Qe6 46.Kh1 Rd7 47.Rfd1 Rff7 48.Rf2 Rf8 49.Bc1 Rdf7 50.Rfd2 Rb7
51.Rf2 Rbf7 52.Be3 Rd7 53.Rfd2 Rff7 54.Rd3 Kh8 55.Nc7 Qf6 56.Ne8 Qe6 57.Rxd6 Rxd6
58.Rxd6 Qxe8 59.Qxg6 Rf8 60.Qxe8 Rxe8 61.Kh2 Re7 62.Kg3 Kg8 63.Kf3 e4+ 64.Kf2 Kf7
65.g4 fxg4 66.hxg4 Bf6 67.a5 bxa5 68.Ra6  1-0

[Event "Ambassador Open"]
[Site "Bern SUI"]
[Date "2000.12.30"]
[Round "7"]
[White "Schmid,W"]
[Black "Landenbergue,C"]
[Result "0-1"]
[WhiteElo "2172"]
[BlackElo "2390"]

1.e4 c5 2.Nf3 d6 3.Bb5+ Bd7 4.Bxd7+ Qxd7 5.c4 g6 6.O-O Bg7 7.d4 cxd4 8.Nxd4 Nc6
9.Nxc6 bxc6 10.Nc3 Nf6 11.Rb1 O-O 12.b3 Rfd8 13.Bb2 Qe6 14.Re1 Ng4 15.h3 Ne5
16.f4 Nd7 17.Qf3 Nc5 18.Re2 a5 19.Nd1 Bxb2 20.Nxb2 Rab8 21.Nd3 a4 22.Nxc5 dxc5
23.Rf1 f6 24.e5 f5 25.Qc3 Qd7 26.Rf3 axb3 27.axb3 Qd1+ 28.Re1 Rxb3 29.Qxb3 Qxe1+
30.Kh2 Qb4 31.Qa2 Kf7 32.e6+ Kxe6 33.Re3+ Kf7 34.Qe2 Qb7 35.Re5 Qc7 36.Qf2 Rd4
37.Qh4 Qxe5  0-1

[Event "Premier"]
[Site "Hastings ENG"]
[Date "2001.01.03"]
[Round "6"]
[White "Plaskett,J"]
[Black "Ftacnik,L"]
[Result "1/2-1/2"]
[WhiteElo "2525"]
[BlackElo "2608"]

1.e4 c5 2.Nf3 d6 3.Bb5+ Bd7 4.Bxd7+ Qxd7 5.O-O Nf6 6.e5 dxe5 7.Nxe5 Qc8 8.b3 g6
9.Qe2 Bg7 10.Bb2 O-O 11.Na3 Nc6 12.Nxc6 Qxc6 13.Nc4 Rad8 14.a4 Rfe8 15.Rae1 Nh5
16.Bxg7  1/2-1/2

[Event "3rd Hilton Open"]
[Site "Basle SUI"]
[Date "2001.01.04"]
[Round "4"]
[White "Fiedler,J"]
[Black "Riff,JN"]
[Result "0-1"]
[WhiteElo "2040"]
[BlackElo "2165"]

1.e4 c5 2.Nf3 d6 3.Bb5+ Bd7 4.Bxd7+ Qxd7 5.O-O Nf6 6.Re1 Nc6 7.b3 g6 8.Bb2 Bg7
9.c3 O-O 10.d4 Rfd8 11.Nbd2 cxd4 12.Nxd4 Ne5 13.N2f3 Nh5 14.Nxe5 dxe5 15.Nf3 Qg4
16.h3 Qe6 17.Qc2 Nf4 18.Rad1 g5 19.Nh2 h5 20.Rxd8+ Rxd8 21.Rd1 Rc8 22.f3 b5
23.Qf2 Qa6 24.Qc2 e6 25.Kh1 Bf8 26.Qd2 Be7 27.g3 Ng6 28.a3 Qb6 29.Qe2 a6
30.Qe1 Rd8 31.Rxd8+ Qxd8 32.Bc1 h4 33.gxh4 Nxh4 34.Kg1 Qd3 35.Be3 f6 36.Qd2 Qb1+
37.Qc1 Qxb3 38.Kf2 Qxa3 39.Qd2 Qa1 40.Nf1 Nxf3 41.Qe2 Nh4 42.Qh5 Kf8 43.Qh8+ Kf7
44.Qh5+ Kg7 45.Qe8 Qa2+ 46.Bd2 Bc5+ 47.Kg3 Qb1 48.Qd7+ Kh6 49.Qd8 Ng6 50.Qxf6 Qd3+
51.Kh2 Qe2+ 52.Kg3 Qxe4 53.Bxg5+ Kh5 54.Kh2 Qe2+ 55.Kh1 Qf2 56.Qxf2 Bxf2
57.Bd8 Nf4 58.Bc7 Nd5 59.Bxe5 Be1 60.Kg2 Bxc3 61.Ng3+ Kg6 62.Bd6 b4 63.h4 b3  0-1

[Event "3rd Hilton Open"]
[Site "Basle SUI"]
[Date "2001.01.07"]
[Round "7"]
[White "Staechelin,R"]
[Black "Suetin,A"]
[Result "1/2-1/2"]
[WhiteElo "2215"]
[BlackElo "2352"]

1.e4 c5 2.Nf3 d6 3.Bb5+ Nd7 4.d4 cxd4 5.Qxd4 e5 6.Qd1 Be7 7.Nc3 Nf6 8.Bg5 O-O
9.O-O Nb6 10.Re1 Be6 11.Bd3 Rc8 12.Qe2 a6 13.Nd1 Nbd7 14.c4 Nc5 15.b3 h6
16.Bxf6 Bxf6 17.Qd2 Bg4 18.Qe3 Ne6 19.h3 Bxf3 20.Qxf3 Nd4 21.Qg4 g6 22.Ne3 h5
23.Qd1 Bg7 24.g3 Bh6 25.Nd5 h4 26.Kg2 Kg7 27.Qg4 hxg3 28.fxg3 Qg5 29.Qxg5 Bxg5
30.h4 Bd8 31.Rf1 b5 32.Rac1 bxc4 33.Rxc4 Rxc4 34.Bxc4 a5 35.Bd3 Ne6 36.Bc2 Nd4
37.Bd3 Ne6 38.Bc2  1/2-1/2

[Event "Anibal Open"]
[Site "Anibal Open ESP"]
[Date "2001.01.08"]
[Round "1"]
[White "Zhang Zhong"]
[Black "El Ghazali,Y"]
[Result "1-0"]
[WhiteElo "2636"]
[BlackElo "2380"]

1.e4 c5 2.Nf3 d6 3.Bb5+ Bd7 4.Bxd7+ Qxd7 5.O-O Nc6 6.Qe2 Nf6 7.c3 e6 8.d4 cxd4
9.cxd4 d5 10.e5 Ne4 11.Be3 Be7 12.Ne1 f6 13.f3 Ng5 14.exf6 Bxf6 15.Nc3 O-O
16.Rd1 Nf7 17.Nc2 Nd6 18.Bf2 Rac8 19.Qd3 Nc4 20.Rb1 Be7 21.a3 Rfe8 22.Rfe1 Bf6
23.Ne2 e5 24.b3 Nb6 25.dxe5 Nxe5 26.Qd2 Qb5 27.Ncd4 Qd3 28.Red1 Qxd2 29.Rxd2 Be7
30.Nb5 a6 31.Bxb6 axb5 32.Rxd5 Bxa3 33.Nd4 b4 34.Nf5 h6 35.Nd6 Ng6 36.Nxc8 Rxc8
37.Rd8+ Rxd8 38.Bxd8 Nf4 39.Kf2 Nd5 40.Rd1 Nc3 41.Rd7 Na2 42.Rxb7 Nc1 43.Be7 Nxb3
44.Bxb4 Bb2 45.Bc3 Bxc3 46.Rxb3 Bd4+ 47.Ke2 Kf7 48.Kd3 Bf6 49.h3 Bh4 50.Ke4 Bf2
51.Rc3  1-0

[Event "Anibal Open"]
[Site "Anibal Open ESP"]
[Date "2001.01.09"]
[Round "2"]
[White "Salmensuu,O"]
[Black "Akopian,V"]
[Result "1/2-1/2"]
[WhiteElo "2458"]
[BlackElo "2660"]

1.e4 c5 2.Nf3 d6 3.Bb5+ Nc6 4.Bxc6+ bxc6 5.O-O e5 6.c3 Nf6 7.Re1 Bg4 8.d4 cxd4
9.cxd4 exd4 10.Qxd4 Bxf3 11.gxf3 Be7 12.e5 dxe5 13.Qxe5 Qd7 14.Bg5 Kf8 15.Bf4 Nd5
16.Nc3 f6 17.Qd4 Kf7 18.Nxd5 cxd5 19.Red1 g5 20.Bg3 Rhd8 21.Rac1 Rac8 22.Rxc8 Rxc8
23.Qxd5+ Qxd5 24.Rxd5 Rc2 25.Rd7 Ke6 26.Rxa7 h5 27.f4 h4 28.f5+ Kxf5 29.Rxe7 hxg3
30.hxg3 Rxb2 31.a3 Ra2 32.Re3 Kg4 33.Kg2 f5 34.Rc3 f4 35.gxf4 gxf4 36.Rb3 Ra1
37.Rc3  1/2-1/2

[Event "Troll Masters"]
[Site "Gausdal NOR"]
[Date "2001.01.12"]
[Round "9"]
[White "Westerinen,H"]
[Black "Djurhuus,R"]
[Result "1/2-1/2"]
[WhiteElo "2405"]
[BlackElo "2491"]

1.e4 c5 2.Nf3 d6 3.Bb5+ Nd7 4.d4 Nf6 5.Nc3 a6 6.Bxd7+ Nxd7 7.d5 b5 8.O-O g6
9.Bf4 Bg7 10.Re1 O-O 11.Qd2 Re8 12.Bh6 Bh8 13.Nd1 Nf6 14.h3 e6 15.dxe6 Bxe6
16.Ng5 d5 17.e5 Ne4 18.Nxe4 dxe4 19.Qxd8 Raxd8 20.Bf4 Bf5 21.g4 Bc8 22.Nc3 Bxe5
23.Bxe5 Rxe5 24.Rxe4 Rxe4 25.Nxe4 c4 26.c3 f5 27.Nf6+ Kf7 28.Nxh7 fxg4 29.hxg4 Bxg4
30.a4 Kg7 31.Ng5 Kf6 32.Ne4+ Kf5 33.Ng3+ Kf4 34.axb5 axb5 35.Nf1 Bf5 36.Re1 Ra8
37.Ng3 Bd3 38.Ne2+ Kg4 39.Nd4 Rb8 40.Nc6 Rb6 41.Nd4 b4 42.Kg2 b3 43.Re3 Bc2
44.Re2 Bd3 45.Re3 Rb7 46.Rg3+ Kf4 47.Ne6+ Kf5 48.Nc5 Re7 49.Rf3+ Kg5 50.Nxd3 cxd3
51.Rxd3 Re2 52.c4 Rxb2 53.c5 Rc2 54.Rxb3 Rxc5  1/2-1/2

[Event "Anibal Open"]
[Site "Anibal Open ESP"]
[Date "2001.01.13"]
[Round "6"]
[White "Vescovi,G"]
[Black "Akopian,V"]
[Result "1/2-1/2"]
[WhiteElo "2526"]
[BlackElo "2660"]

1.e4 c5 2.Nf3 d6 3.Bb5+ Nc6 4.d4 cxd4 5.Qxd4 Bd7 6.Bxc6 Bxc6 7.Nc3 Nf6 8.Bg5 Qb6
9.Qxb6 axb6 10.Bxf6 gxf6 11.Nd4 Rg8 12.g3 e6 13.O-O-O f5 14.Nxc6 bxc6 15.exf5 exf5
16.Rhe1+ Kd7 17.Re5 f4 18.Rh5 fxg3 19.fxg3 h6 20.Rf5 Ke8 21.Ne4 Rg6 22.Nf6+ Kd8
23.a3 Ra5 24.Rxa5 bxa5 25.Rf1 Ke7 26.Nh5 Rg5 27.Nf4 h5 28.Nd3 Bh6 29.Kd1 h4
30.Rf3 hxg3 31.hxg3 Rh5 32.a4 Rh1+ 33.Ke2 c5 34.Nf4 Rc1 35.Kd3 Bxf4 36.Rxf4 d5
37.b3 Ke6 38.Rf3 f5 39.Kd2 Rg1 40.Re3+ Kd6 41.Rf3 Rg2+ 42.Kd1 Ke5 43.Re3+ Kd4
44.Rd3+ Ke4 45.Rc3 d4 46.Rxc5 Rxg3 47.Rxa5 Rg1+ 48.Kd2 Rg2+ 49.Kd1 f4 50.Ra7 f3
51.Re7+ Kf4 52.Rf7+ Ke3 53.Re7+ Kf4 54.Rf7+ Ke3 55.Re7+ Kf4 56.a5 d3 57.cxd3 Ra2
58.Ke1 Rxa5 59.Kf2 Ra2+ 60.Kf1 Rb2 61.Rf7+ Ke3 62.Re7+  1/2-1/2

[Event "Anibal Open"]
[Site "Anibal Open ESP"]
[Date "2001.01.13"]
[Round "6"]
[White "Froehlich,P"]
[Black "Anastasian,A"]
[Result "1/2-1/2"]
[WhiteElo "2440"]
[BlackElo "2571"]

1.Nf3 d6 2.e4 c5 3.Bb5+ Nc6 4.O-O Bd7 5.Re1 a6 6.Bf1 Bg4 7.h3 Bxf3 8.Qxf3 g6
9.c3 Bg7 10.Na3 e6 11.Nc2 Nge7 12.d3 O-O 13.Bg5 h6 14.Be3 b5 15.a3 a5 16.d4 cxd4
17.cxd4 b4 18.d5 b3 19.dxc6 bxc2 20.Qe2 Rc8 21.Qxc2 Rxc6 22.Qd2 Qc7 23.Rac1 Rb8
24.Rxc6 Nxc6 25.Rb1 Ne5 26.b4 Nc4 27.Bxc4 Qxc4 28.Qxd6  1/2-1/2